000 00394cam a2200169 4500
001 D12631
008 090401t1938 xxu||||| |||| 00| 0 eng d
035 _a(Sirsi) u4832
041 _aeng
100 _aDicksee, Bernard
245 4 _aThe London Building Acts 1930 - 1935
260 _bEdward Stanford Ltd
_c1938
350 _a0
520 _aShelf 114
942 _n0
948 _c04/03/1997
999 _c86071
_d86071